All NFL Starting Quarterbacks of the 2010s - Statistics

General Stats
  • This quiz has been taken 63 times
  • The average score is 140 of 259
Answer Stats
Hint Answer % Correct
40-24 Dak Prescott
96%
39-55 Derek Carr
94%
96-45-1 Aaron Rodgers
92%
81-66-2 Andy Dalton
92%
5-10-1 Kyler Murray
92%
67-71-1 Matthew Stafford
92%
40-32 Tony Romo
92%
22-12-1 | 50-26 | 6-4 Alex Smith
90%
84-45-1 Ben Roethlisberger
90%
32-24 Carson Wentz
90%
94-58 Drew Brees
90%
67-80 Eli Manning
90%
0-1 | 12-18 Geno Smith
90%
24-7 Patrick Mahomes
90%
10-6 | 45-12 Peyton Manning
90%
0-1 Rusty Smith
90%
3-3 Troy Smith
90%
53-33 Andrew Luck
88%
24-13 Deshaun Watson
88%
33-21 Jared Goff
88%
2-6 | 76-55 Joe Flacco
88%
18-12-1 | 26-33-1 Kirk Cousins
88%
89-70 Matt Ryan
88%
0-4 | 1-0 | 21-11 | 4-7 Nick Foles
88%
42-46 | 7-3 Ryan Tannehill
88%
122-34 Tom Brady
88%
1-2 Brandon Allen
86%
70-55-1 Cam Newton
86%
38-21-1 | 4-12 | 8-16 Carson Palmer
86%
19-5 | 2-0 Jimmy Garoppolo
86%
15-12 Josh Allen
86%
6-7 Kyle Allen
86%
19-3 Lamar Jackson
86%
0-1 | 7-7 Tarvaris Jackson
86%
29-32 Marcus Mariota
84%
84-46-1 Russell Wilson
84%
12-17 Baker Mayfield
82%
28-42 Jameis Winston
82%
77-83 Phillip Rivers
82%
24-49 Blake Bortles
80%
28-30 Colin Kaepernick
80%
1-1-1 | 23-20 Tyrod Taylor
80%
44-42 | 6-8 Jay Cutler
78%
0-1 | 25-22 | 4-6 Mark Sanchez
78%
0-1 | 1-1 | 27-23 Matt Schaub
78%
3-9 Daniel Jones
76%
3-2 Landry Jones
76%
23-18 Mitchell Trubisky
76%
0-1 | 1-4 | 14-21 Robert Griffin
76%
13-14 | 16-29 | 3-6 | +3 others Ryan Fitzpatrick
76%
0-3 | 18-30-1 | 7-7 | 9-8 Sam Bradford
76%
4-1 Drew Lock
73%
1-1 | 11-19 Jacoby Brissett
73%
17-11 | 5-1 Teddy Bridgewater
71%
5-8 Brett Favre
69%
1-2 | 2-1 | 20-20 Michael Vick
69%
11-15 Sam Darnold
69%
1-7 | 11-3 | 2-6 | +2 others Case Keenum
67%
0-3 | 3-10 Josh Rosen
67%
0-1 | 1-2 Josh Johnson
65%
1-5 | 5-8 Donovan McNabb
63%
2-3 | 5-6 | 8-6 Brock Osweiler
61%
6-6 Gardner Minshew
61%
2-6 Johnny Manziel
61%
5-3 Mason Rudolph
61%
0-1 | 6-11 EJ Manuel
59%
11-10 | 5-3 | 6-8 Matt Hasselbeck
59%
1-6 | 6-15 Colt McCoy
57%
1-10 | 4-3 | 5-11 Josh McCown
57%
0-1 | 1-1 Luke McCown
57%
2-1 | 2-3 | 4-9 | 5-22 Blaine Gabbert
55%
0-1 | 0-6 | 1-4 | +2 others Brian Hoyer
55%
8-6 Tim Tebow
55%
0-1 | 13-11 Trevor Siemian
55%
2-5 Dwayne Haskins
53%
1-3 | 5-13 Mike Glennon
53%
0-1 | 1-0 | 21-29 Josh Freeman
51%
1-1 | 1-6 | 15-17 | 4-5 Matt Cassel
51%
1-0 | 3-5 | 3-7 Shaun Hill
51%
1-2 | 4-4 Vince Young
51%
14-21-1 Christian Ponder
49%
0-15 Deshone Kizer
49%
0-4 | 1-0 | 5-15 Brandon Weeden
47%
5-17 | 6-12 Chad Henne
47%
1-9 CJ Beathard
47%
0-1 | 3-3 Matt Flynn
47%
3-5 Nick Mullens
47%
1-3 Paxton Lynch
47%
0-1 Taylor Heinicke
47%
0-1 | 2-1 | 4-14 | 7-5 Kyle Orton
43%
2-3 Jake Delhomme
41%
0-2 Kellen Moore
41%
1-1 | 1-4 | 8-9 Matt Moore
41%
9-14 Jake Locker
39%
1-3 Nathan Peterman
39%
2-3 Dan Orlovsky
37%
8-6 David Garrard
37%
0-2 | 2-2 | 2-7 Derek Anderson
37%
6-10 Rex Grossman
37%
1-7 Brady Quinn
33%
0-1 | 1-7 | 11-7 Jason Campbell
33%
0-3 | 2-5 Kerry Collins
33%
0-1 | 1-6 Seneca Wallace
33%
3-7 Terrelle Pryor
33%
1-0 Todd Collins
33%
3-6 Brett Hundley
31%
1-1 Joe Webb
31%
4-5 Jon Kitna
31%
0-1 | 2-1 AJ McCarron
29%
0-2 | 3-5 Austin Davis
29%
0-5 David Blough
29%
2-3 | 6-8 Kevin Kolb
29%
0-1 Kyle Boller
29%
1-0 Matt Leinart
29%
0-1 Sean Mannion
29%
1-0 Chad Pennington
27%
3-2 Charlie Batch
27%
1-1 | 1-2 Chase Daniel
27%
0-2 | 1-9 Jimmy Clausen
27%
8-9 John Skelton
27%
0-1 | 2-3 Thaddeus Lewis
27%
4-6 TJ Yates
27%
0-1 Byron Leftwich
24%
0-8 | 2-2 Cody Kessler
24%
0-8 Curtis Painter
24%
3-3 Devlin Hodges
24%
2-1 | 9-4 Drew Stanton
24%
0-3 | 1-4 Jeff Driskel
24%
1-1 | 2-4 Ryan Mallett
24%
0-1 | 0-2 Trent Edwards
24%
0-1 Kevin Hogan
22%
0-1 | 1-5 Matt Barkley
22%
0-1 Tyler Thigpen
22%
0-10 Zach Mettenberger
22%
0-4 Caleb Hanie
20%
2-0 Dennis Dixon
20%
0-1-1 | 0-2 Scott Tolzien
20%
2-7 Tom Savage
20%
1-3 | 1-4 Charlie Whitehurst
18%
1-6 Matt McGloin
18%
1-2 Max Hall
18%
0-1 Brian Brohm
16%
0-1 Brodie Croyle
16%
1-3 Bruce Gradkowski
16%
0-1 Connor Shaw
16%
4-8 Kellen Clemens
16%
0-3 Ryan Finley
16%
1-5 Ryan Lindley
16%
1-6 Bryce Petty
14%
0-1 Jeff Tuel
14%
0-3 John Beck
14%
0-2 Luke Falk
14%
0-1 Greg McElroy
12%
1-0 Stephen McGee
12%
0-1 Todd Bouman
12%
1-3 Tyler Palko
12%
1-2 AJ Feeley
10%
0-1 Brian St. Pierre
10%
0-2 Will Grier
6%
No matching quizzes found
Score Distribution
Percent of People with Each Score
Percentile by Number Answered
Your Score History
You have not taken this quiz